Gaming Quiz

Random Gaming or Card Games Quiz

Count It: Deck of Cards Quiz Stats

 Plays Quiz Updated Feb 22, 2018

Challenge
Share
Tweet
Embed
Score 0/10 Timer 05:00
7 Plays Today
Number of . . . Answer % Correct
Suits???
98.1%
Cards bearing a black suit???
91.6%
Cards bearing a human???
89.7%
Cards bearing a male???
87.6%
Cards bearing a human and a spade suit???
86.6%
Cards bearing a human and a red suit???
86.4%
Cards bearing a letter???
78.6%
Cards bearing a number ???
69.1%
Heads turned toward their left shoulder???
14.4%
Visible eyes on face cards???
3.8%

You're not logged in!

Compare scores with friends on all Sporcle quizzes.
Join for Free
OR
Log In

You Might Also Like...

Show Comments

Extras

Top Quizzes Today


Score Distribution

Your Account Isn't Verified!

In order to create a playlist on Sporcle, you need to verify the email address you used during registration. Go to your Sporcle Settings to finish the process.

Report this User

Report this user for behavior that violates our Community Guidelines.

Details: